000 00655nam a2200241 i 4500
001 C2-0117646
003 PPAK
005 20180727110700.0
008 970727s1986 enk |||| ||||| | eng d
020 _a0140089411
040 _aPPAK
_beng
_cPPAK
_erda
082 0 4 _a923.10968
_223
090 0 0 _a923.10968
_bBEN
_dG
100 1 _aBenson, Mary,
_eauthor
245 1 0 _aNelson Mandela
264 1 _aLondon :
_bPenguin Books ,
_c1986
300 _a280 pages ;
_c19 cm
336 _2rdacontent
_atext
337 _2rdamedia
_aunmediated
338 _2rdacarrier
_avolume
650 1 0 _aMandela, Nelson, 1918- ; African National Congress
942 _ddc
_cB
999 _c31619
_d31619